| 000 | 00534nam a2200217Ia 4500 | ||
|---|---|---|---|
| 003 | OSt | ||
| 005 | 20250529130956.0 | ||
| 008 | 008 250505s9999 xx 000 0 eng d | ||
| 020 | _a9780674241220 | ||
| 040 |
_aILCL _beng _cILCL |
||
| 041 |
_aeng _2eng |
||
| 082 | _qILCL | ||
| 084 | _aZ73,91 P8 | ||
| 100 | _aPosner, Richard A | ||
| 245 | 0 | _aHow Judges Think | |
| 260 |
_aEngland _bHarvard University Press _c2008 |
||
| 300 | _av,387p. | ||
| 365 | _aINR | ||
| 942 |
_cTB _2Colon Classification _n0 |
||
| 999 |
_c1312696 _d1312696 |
||